A history of spanish literature

Αποθηκεύτηκε σε:
Λεπτομέρειες βιβλιογραφικής εγγραφής
Κύριος συγγραφέας: Laborde, E.O
Μορφή: Βιβλίο
Γλώσσα:Undetermined
Έκδοση: Londres, Inglaterra William Heinemann 1931
Θέματα:
Ετικέτες: Προσθήκη ετικέτας
Δεν υπάρχουν, Καταχωρήστε ετικέτα πρώτοι!

MARC

LEADER 00000nam a2200000Ia 4500
008 170316s9999 xx 000 0 und d
090 |a H-862 L-2a 
100 |a Laborde, E.O. 
245 2 |a A history of spanish literature 
260 |a Londres, Inglaterra 
260 |b William Heinemann 
260 |c 1931 
300 |a 283 páginas 
650 |a LITERATURA ESPAÑOLA 
650 |a HISTORIA 
999 |c 29039  |d 29039 
040 |a cru BVZT 
942 |c 15 D  |h H-862 L-2a  |2 z